书目信息 |
| 题名: |
边值问题的Galerkin有限元法
|
|
| 作者: | 李荣华 著 | |
| 分册: | ||
| 出版信息: | 北京 科学出版社 2005.08 |
|
| 页数: | 233页 | |
| 开本: | 24cm | |
| 丛书名: | 信息与计算科学丛书 | |
| 单 册: | ||
| 中图分类: | O175.8 | |
| 科图分类: | ||
| 主题词: | 边值问题--bian zhi wen ti--有限元法 | |
| 电子资源: | ||
| ISBN: | 7-03-015570-X | |
| 000 | 00959nam 2200265 450 | |
| 001 | 012006528129 | |
| 005 | 20060626153250.56 | |
| 010 | @a7-03-015570-X@dCNY35.00 | |
| 100 | @a20060615d2005 km y0chiy0120 ea | |
| 101 | 0 | @achi |
| 102 | @aCN@b110000 | |
| 105 | @aa a 000yy | |
| 200 | 1 | @a边值问题的Galerkin有限元法@Abian zhi wen ti de Galerkin you xian yuan fa@f李荣华著@Fli rong hua zhu |
| 210 | @a北京@c科学出版社@d2005.08 | |
| 215 | @a233页@c图@d24cm | |
| 225 | 2 | @a信息与计算科学丛书@Axin xi yu ji suan ke xue cong shu@v34 |
| 306 | @a中国科学院科学出版基金资助出版 | |
| 320 | @a有书目 (第231-233页)。 | |
| 330 | @a本书用统一观点介绍经典的Galerkin法、标准有限元法、非标准有限元法、边界有限元法以及有限体积法的基本理论与方法。 | |
| 410 | 0 | @12001 @a信息与计算科学丛书 |
| 606 | 0 | @a边值问题@Abian zhi wen ti@x有限元法 |
| 690 | @aO175.8@v4 | |
| 701 | 0 | @a李荣华@Ali rong hua@4著 |
| 801 | 0 | @aCN@bQSSK@c20060626 |
| 905 | @a10447@dO175.8@eL242 | |
| 边值问题的Galerkin有限元法/李荣华著.-北京:科学出版社,2005.08 |
| 233页:图;24cm.-(信息与计算科学丛书;34) |
| ISBN 7-03-015570-X:CNY35.00 |
| 本书用统一观点介绍经典的Galerkin法、标准有限元法、非标准有限元法、边界有限元法以及有限体积法的基本理论与方法。 |
| ● |
| 相关链接 |
|
|
|
正题名:边值问题的Galerkin有限元法
索取号:O175.8/L242
 
预约/预借
| 序号 | 登录号 | 条形码 | 馆藏地/架位号 | 状态 | 备注 |
| 1 | 587287 | 205872876 | 自科库401/401自科库 45排4列5层/ [索取号:O175.8/L242] | 在馆 | |
| 2 | 587288 | 205872885 | 自科库401/401自科库 45排4列5层/ [索取号:O175.8/L242] | 在馆 | |
| 3 | 587289 | 205872894 | 自科库401/401自科库 45排4列5层/ [索取号:O175.8/L242] | 在馆 |